| 000 | 00562nam a22001697a 4500 | ||
|---|---|---|---|
| 020 | _a9788131719275 | ||
| 082 | _a519.6 NEW | ||
| 100 | _aNewbold, Paul | ||
| 245 | _aStatistics for Business and Economics | ||
| 250 | _a6th | ||
| 260 |
_aNew Delhi, India _bPearson _c2007 |
||
| 300 |
_axx, 977 _eCD-ROM |
||
| 500 | _aIncludes index. | ||
| 650 | _aSocial sciences --Statistical methods. | Economics --Statistical methods. | Industrial management --Statistical methods. | Commercial statistics. | ||
| 700 | _aWilliam L. Carlson and Betty Thorne | ||
| 942 | _cBK | ||
| 999 |
_c491101 _d491101 |
||